Argumentation : Analyser textes et discours (notice n° 1564576)
[ vue normale ]
| 000 -LEADER | |
|---|---|
| fixed length control field | 00988cam a2200133 4500500 |
| 005 - DATE AND TIME OF LATEST TRANSACTION | |
| control field | 20251130000005.0 |
| 041 ## - LANGUAGE CODE | |
| Language code of text/sound track or separate title | fre |
| 042 ## - AUTHENTICATION CODE | |
| Authentication code | dc |
| 100 10 - MAIN ENTRY--PERSONAL NAME | |
| Personal name | Doury, Marianne |
| Relator term | author |
| 245 00 - TITLE STATEMENT | |
| Title | Argumentation : Analyser textes et discours |
| 260 ## - PUBLICATION, DISTRIBUTION, ETC. | |
| Name of publisher, distributor, etc. | Armand Colin,<br/> |
| Date of publication, distribution, etc. | 2025.<br/> |
| 520 ## - SUMMARY, ETC. | |
| Summary, etc. | Cet ouvrage fournit les principales clés pour analyser les textes et discours argumentatifs. Quatre parties constituent ce livre:- une définition de l’argumentation comme articulation d’un discours à un contre-discours&#8239;;- un repérage de l’orchestration des points de vue au cœur de l’argumentation&#8239;;- une typologie des arguments et autres ressorts de l’argumentation&#8239;;- un inventaire des différents marqueurs langagiers sur lesquels s’appuie l’analyse des textes et discours argumentatifs.Des exercices corrigés concluent chaque chapitre. |
| 856 41 - ELECTRONIC LOCATION AND ACCESS | |
| Uniform Resource Identifier | <a href="https://shs.cairn.info/argumentation--9782200640422?lang=fr&redirect-ssocas=7080">https://shs.cairn.info/argumentation--9782200640422?lang=fr&redirect-ssocas=7080</a> |
Pas d'exemplaire disponible.




Réseaux sociaux